<?xml version="1.0" encoding="UTF-8"?>
<collection xmlns:xsi="http://www.w3.org/2001/XMLSchema-instance" xsi:schemaLocation="http://www.loc.gov/MARC21/slim http://www.loc.gov/standards/marcxml/schema/MARC21slim.xsd" xmlns="http://www.loc.gov/MARC21/slim">
 <record>
  <leader>00000nam a2200000 n 4500</leader>
  <controlfield tag="001">UP-1685506469195175386</controlfield>
  <controlfield tag="003">Buklod</controlfield>
  <controlfield tag="005">20230620092320.0</controlfield>
  <controlfield tag="006">a     r     001 0 </controlfield>
  <controlfield tag="007">ta</controlfield>
  <controlfield tag="008">230620s2019    mau     r     001 0 eng c</controlfield>
  <datafield tag="020" ind1=" " ind2=" ">
   <subfield code="a">9781284124880 (pbk. : alk. paper)</subfield>
  </datafield>
  <datafield tag="035" ind1=" " ind2=" ">
   <subfield code="a">20421565</subfield>
  </datafield>
  <datafield tag="037" ind1=" " ind2=" ">
   <subfield code="a">CHK-6166</subfield>
   <subfield code="b">Belview</subfield>
   <subfield code="c">Php5825.00</subfield>
  </datafield>
  <datafield tag="040" ind1=" " ind2=" ">
   <subfield code="a">DLC</subfield>
   <subfield code="e">rda</subfield>
   <subfield code="d">DCHK</subfield>
  </datafield>
  <datafield tag="041" ind1=" " ind2=" ">
   <subfield code="a">eng</subfield>
  </datafield>
  <datafield tag="042" ind1=" " ind2=" ">
   <subfield code="a">DMLUC</subfield>
  </datafield>
  <datafield tag="090" ind1=" " ind2=" ">
   <subfield code="a">GV 343.5</subfield>
   <subfield code="b">K88 2019</subfield>
  </datafield>
  <datafield tag="100" ind1="1" ind2=" ">
   <subfield code="a">Kutz, Matthew R.</subfield>
   <subfield code="e">author</subfield>
  </datafield>
  <datafield tag="245" ind1="1" ind2="0">
   <subfield code="a">Leadership and management in athletic training</subfield>
   <subfield code="b">an integrated approach</subfield>
   <subfield code="c">Matthew R. Kutz.</subfield>
  </datafield>
  <datafield tag="250" ind1=" " ind2=" ">
   <subfield code="a">Second edition.</subfield>
  </datafield>
  <datafield tag="264" ind1=" " ind2="1">
   <subfield code="a">Burlington, MA</subfield>
   <subfield code="b">Jones &amp; Bartlett Learning</subfield>
   <subfield code="c">[2019]</subfield>
  </datafield>
  <datafield tag="300" ind1=" " ind2=" ">
   <subfield code="a">xvii, 335 pages</subfield>
   <subfield code="c">23 cm</subfield>
  </datafield>
  <datafield tag="336" ind1=" " ind2=" ">
   <subfield code="a">text</subfield>
   <subfield code="2">rdacontent</subfield>
  </datafield>
  <datafield tag="337" ind1=" " ind2=" ">
   <subfield code="a">unmediated</subfield>
   <subfield code="2">rdamedia</subfield>
  </datafield>
  <datafield tag="338" ind1=" " ind2=" ">
   <subfield code="a">volume</subfield>
   <subfield code="2">rdacarrier</subfield>
  </datafield>
  <datafield tag="500" ind1=" " ind2=" ">
   <subfield code="a">Includes bibliographical references and index</subfield>
  </datafield>
  <datafield tag="505" ind1="0" ind2="0">
   <subfield code="a">History and development of athletic training -- Developing the sports medicine team -- Communication strategies for athletic trainers -- Professional preparation -- Concepts of leadership -- Leadership behaviors for athletic trainers -- Key concepts of management -- Human resources and organizational development -- Record keeping and documentation -- Financial management -- Reimbursement and revenue -- Legal issues and risk management -- Strategic thinking and program planning -- Facility design and management -- Professional ethics -- International athletic training.</subfield>
  </datafield>
  <datafield tag="520" ind1=" " ind2=" ">
   <subfield code="a">&quot;This project is actually a revision of an existing text that was released by Lippincott, Williams, and Wilkins who published the first edition titled Leadership and Management in Athletic Training: An Integrated Approach. Currently, the book is used in several athletic training education programs around the United States. We have the signed release from LWW. The author pushed for the release, as AT is not a big area for LWW. Competitive Advantage: Each chapter begins with a section that delineates which competencies and knowledge areas the chapter covers AND is divided into parts - leadership stuff, management stuff, professional issues - all integrated. Hence the subtitle. In the NATA Competencies - the Core Content areas of Healthcare Administration (page 29) and Professional Development and Responsibility (page 31) are all leadership areas...and all of those associated competencies and clinical proficiencies will be addressed in the text. Also the Foundation Behaviors (NATA competencies Page 9) are also leadership concept heavy, E.g., teamwork, cultural diversity, etc... these are all leadership concepts, which are covered in this text. All programs have a management, leadership, organization, or administration course of some kind... this book will address all these concepts and show how they are integral to each other. &quot;Leadership&quot; is a theoretical concept (i.e., fluid) not a concrete set of behaviors--so a &quot;leadership text&quot; as proposed will covers several core competencies and several core content areas including professional behaviors (which the author would argue cannot be separated from leadership, and business/management concepts (budgeting, revenue, health insurance system, facility design/management, etc)&quot;--</subfield>
   <subfield code="c">Provided by publisher</subfield>
  </datafield>
  <datafield tag="650" ind1=" " ind2="0">
   <subfield code="a">Leadership.</subfield>
  </datafield>
  <datafield tag="650" ind1=" " ind2="0">
   <subfield code="a">Physical education and training</subfield>
   <subfield code="x">Management.</subfield>
  </datafield>
  <datafield tag="905" ind1=" " ind2=" ">
   <subfield code="a">FO</subfield>
  </datafield>
  <datafield tag="852" ind1="0" ind2=" ">
   <subfield code="a">UPD</subfield>
   <subfield code="b">DCHK</subfield>
   <subfield code="h">GV 343.5</subfield>
   <subfield code="i">K88 2019</subfield>
  </datafield>
  <datafield tag="942" ind1=" " ind2=" ">
   <subfield code="a">Book</subfield>
  </datafield>
 </record>
</collection>
